00363nam a2200145Ia 4500008004100000020001500041082001800056100001500074245003600089250000800125260003300133300001100166500002400177650001600201230524s9999 xx 000 0 und d a8177000497 a621.3821bSAH aS.K.Sahdev 0aElectronic Devices and Circuits a3RD aNEW DELHIbDhanpat Raic2001 aXV;699 aQuantity Number: 2 aElectronics